<?xml version="1.0" encoding="UTF-8"?>
<record
    xmlns:xsi="http://www.w3.org/2001/XMLSchema-instance"
    xsi:schemaLocation="http://www.loc.gov/MARC21/slim http://www.loc.gov/standards/marcxml/schema/MARC21slim.xsd"
    xmlns="http://www.loc.gov/MARC21/slim">

  <leader>00845nam a22001697a 4500</leader>
  <controlfield tag="008">110904s1984    ua|||||r|||| 00| e ara d</controlfield>
  <datafield tag="082" ind1=" " ind2=" ">
    <subfield code="2">22</subfield>
    <subfield code="a">210.5</subfield>
    <subfield code="b">&#x639; &#x631; &#x648;</subfield>
  </datafield>
  <datafield tag="245" ind1=" " ind2=" ">
    <subfield code="a">&#x627;&#x644;&#x639;&#x631;&#x648;&#x629; &#x627;&#x644;&#x648;&#x62B;&#x642;&#x649; /</subfield>
    <subfield code="c">&#x644;&#x645;&#x62F;&#x64A;&#x631; &#x633;&#x64A;&#x627;&#x633;&#x627;&#x62A;&#x647;&#x627; &#x62C;&#x645;&#x627;&#x644; &#x627;&#x644;&#x62F;&#x64A;&#x646; &#x627;&#x644;&#x623;&#x641;&#x63A;&#x627;&#x646;&#x64A; &#x60C; &#x645;&#x62D;&#x631;&#x631;&#x647;&#x627; &#x645;&#x62D;&#x645;&#x62F; &#x639;&#x628;&#x62F;&#x647;</subfield>
  </datafield>
  <datafield tag="260" ind1=" " ind2=" ">
    <subfield code="a">&#x627;&#x644;&#x642;&#x627;&#x647;&#x631;&#x629; :</subfield>
    <subfield code="b">&#x627;&#x644;&#x645;&#x631;&#x643;&#x632; &#x627;&#x644;&#x639;&#x631;&#x628;&#x64A; &#x644;&#x644;&#x628;&#x62D;&#x62B; &#x648;&#x627;&#x644;&#x646;&#x634;&#x631;&#x60C; 1984  </subfield>
    <subfield code="c">1984</subfield>
  </datafield>
  <datafield tag="300" ind1=" " ind2=" ">
    <subfield code="a">227 &#x635; &#x61B;</subfield>
    <subfield code="c">17 &#x633;&#x645;</subfield>
  </datafield>
  <datafield tag="500" ind1=" " ind2=" ">
    <subfield code="a">&#x635;&#x62F;&#x631;&#x62A; &#x641;&#x64A; &#x628;&#x627;&#x631;&#x64A;&#x633; 13 &#x645;&#x627;&#x631;&#x633; 1884-16 &#x623;&#x643;&#x62A;&#x648;&#x628;&#x631; 1884&#x60C; &#x62C;&#x632;&#x622;&#x646; &#x641;&#x64A; &#x645;&#x62C;&#x644;&#x62F;</subfield>
  </datafield>
  <datafield tag="541" ind1=" " ind2=" ">
    <subfield code="a">&#x639;&#x644;&#x627;&#x621; &#x639;&#x628;&#x62F; &#x627;&#x644;&#x63A;&#x646;&#x64A; &#x61B;</subfield>
    <subfield code="c">&#x625;&#x647;&#x62F;&#x627;&#x621; &#x61B;</subfield>
  </datafield>
  <datafield tag="650" ind1=" " ind2=" ">
    <subfield code="9">26962</subfield>
    <subfield code="a">&#x627;&#x644;&#x625;&#x633;&#x644;&#x627;&#x645;</subfield>
    <subfield code="v">&#x62F;&#x648;&#x631;&#x64A;&#x627;&#x62A;</subfield>
  </datafield>
  <datafield tag="653" ind1=" " ind2=" ">
    <subfield code="b">Ara</subfield>
  </datafield>
  <datafield tag="942" ind1=" " ind2=" ">
    <subfield code="2">ddc</subfield>
    <subfield code="c">BB</subfield>
  </datafield>
  <datafield tag="999" ind1=" " ind2=" ">
    <subfield code="c">15940</subfield>
    <subfield code="d">15940</subfield>
  </datafield>
  <datafield tag="952" ind1=" " ind2=" ">
    <subfield code="0">0</subfield>
    <subfield code="1">0</subfield>
    <subfield code="2">ddc</subfield>
    <subfield code="4">0</subfield>
    <subfield code="7">0</subfield>
    <subfield code="8"> </subfield>
    <subfield code="a">MAIN</subfield>
    <subfield code="b">MAIN</subfield>
    <subfield code="c">LOW</subfield>
    <subfield code="d">2011-09-04</subfield>
    <subfield code="e">purchase</subfield>
    <subfield code="o">210.5 &#x639; &#x631; &#x648;</subfield>
    <subfield code="p">000024651</subfield>
    <subfield code="r">2025-07-15 00:00:00</subfield>
    <subfield code="y">BB</subfield>
  </datafield>
</record>
